[Event "Olympiad-40"]
[Site "Istanbul"]
[Date "2012.08.31"]
[Round "4.1"]
[White "Malisauskas, Vidmantas"]
[Black "Shukuraliev, Algis"]
[Result "1-0"]
[WhiteElo "2451"]
[BlackElo "2360"]
[PlyCount "65"]
[EventDate "2012.08.28"]
[EventType "team-swiss"]
[EventRounds "11"]
[EventCountry "TUR"]
[SourceTitle "CBM 151"]
[Source "ChessBase"]
[SourceDate "2012.11.13"]
[SourceVersion "1"]
[SourceVersionDate "2012.11.13"]
[SourceQuality "1"]
[WhiteTeam "Lithuania"]
[BlackTeam "Kyrgyzstan"]
[WhiteTeamCountry "LTU"]
[BlackTeamCountry "KGZ"]

1. c4 Nf6 2. Nc3 c5 3. g3 Nc6 4. Bg2 g6 5. Nf3 Bg7 6. d4 cxd4 7. Nxd4 0-0 8. 0-0 d6 9. Nc2 Be6 10. Ne3 a6 11. Bd2 Rb8 12. Rc1 Ne5 13. b3 Qd7 14. a4 Rfc8 15. Ned5 Bxd5 16. cxd5 b5 17. axb5 axb5 18. Na2 Qa7 19. Nb4 Nfd7 20. Ra1 Qd4 21. e3 Qg4 22. Qxg4 Nxg4 23. Ra7 Nc5 24. Nc6 Nxb3 25. Bb4 Kf8 26. Bh3 Ne5 27. Bxc8 Nxc6 28. dxc6 Rxc8 29. Rb1 Nc5 30. Bxc5 dxc5 31. Rxb5 c4 32. c7 Ke8 33. Ra8 1-0

[Event "Central Asia Cup 2nd"]
[Site "Bishkek"]
[Date "2012.06.20"]
[Round "9"]
[White "Nadirjanova, Nodira"]
[Black "Shukuraliev, Algis"]
[Result "1-0"]
[WhiteElo "2180"]
[BlackElo "2388"]
[PlyCount "88"]
[EventDate "2012.06.12"]
[EventType "swiss"]
[EventRounds "9"]
[EventCountry "KGZ"]
[SourceTitle "EXT 2013"]
[Source "ChessBase"]
[SourceDate "2012.11.22"]
[SourceVersion "1"]
[SourceVersionDate "2012.11.22"]
[SourceQuality "1"]

1. d4 Nf6 2. c4 g6 3. Nc3 Bg7 4. e4 d6 5. Be2 0-0 6. Bg5 Na6 7. Nf3 e5 8. d5 Qe8 9. Nd2 Bd7 10. Rc1 h5 11. a3 c5 12. dxc6 bxc6 13. b4 Nc7 14. Nb3 Qe6 15. 0-0 Ng4 16. h3 f6 17. hxg4 fxg5 18. c5 Rf6 19. cxd6 Qxd6 20. gxh5 Qe7 21. Nd5 Nxd5 22. exd5 Rd6 23. Bc4 Kh8 24. Rc2 cxd5 25. Bxd5 Ba4 26. hxg6 g4 27. Qxg4 Rxd5 28. Qh5+ Kg8 29. Rc3 Bf6 30. Nc5 Bd7 31. Ne4 Rf8 32. Rf3 Bb5 33. Rc1 Rdd8 34. Qh7+ Qxh7 35. gxh7+ Kg7 36. h8Q+ Rxh8 37. Rxf6 Rh4 38. Rc7+ Kg8 39. Rd6 Rf8 40. f3 a6 41. Re7 Rf7 42. Rxe5 Kg7 43. Rc5 Rh6 44. Rxh6 Kxh6 1-0

[Event "Asia-chT 16th"]
[Site "Guangzhou"]
[Date "2010.11.24"]
[Round "7"]
[White "So, Wesley"]
[Black "Shukuraliev, Algis"]
[Result "1-0"]
[WhiteElo "2669"]
[BlackElo "2376"]
[PlyCount "53"]
[EventDate "2010.11.18"]
[EventType "team-swiss"]
[EventRounds "9"]
[EventCountry "CHN"]
[SourceTitle "CBM 139 Extra"]
[Source "ChessBase"]
[SourceDate "2011.01.05"]
[SourceVersion "1"]
[SourceVersionDate "2011.01.05"]
[SourceQuality "1"]
[WhiteTeam "Philippines"]
[BlackTeam "Kyrgyzstan"]
[WhiteTeamCountry "PHI"]
[BlackTeamCountry "KGZ"]

1. e4 e5 2. Nf3 Nc6 3. Bb5 a6 4. Ba4 Nf6 5. 0-0 Be7 6. Re1 b5 7. Bb3 0-0 8. c3 d5 9. exd5 e4 10. dxc6 exf3 11. d4 fxg2 12. Qf3 Re8 13. Bg5 Bg4 14. Qxg2 Bh5 15. Nd2 Qd6 16. Re5 Bg6 17. Rae1 Kf8 18. Bh4 Ng8 19. Bg3 Qf6 20. Ne4 Bxe4 21. Qxe4 Qg6 22. Qe2 Rad8 23. d5 f6 24. Bc2 Qf7 25. Re6 Rxd5 26. Bb3 Rg5 27. Re3 1-0

[Event "Asia-chT 16th"]
[Site "Guangzhou"]
[Date "2010.11.19"]
[Round "2"]
[White "Battulga, Namkhai"]
[Black "Shukuraliev, Algis"]
[Result "1/2-1/2"]
[WhiteElo "2428"]
[BlackElo "2376"]
[PlyCount "52"]
[EventDate "2010.11.18"]
[EventType "team-swiss"]
[EventRounds "9"]
[EventCountry "CHN"]
[SourceTitle "CBM 139 Extra"]
[Source "ChessBase"]
[SourceDate "2011.01.05"]
[SourceVersion "1"]
[SourceVersionDate "2011.01.05"]
[SourceQuality "1"]
[WhiteTeam "Mongolia"]
[BlackTeam "Kyrgyzstan"]
[WhiteTeamCountry "MGL"]
[BlackTeamCountry "KGZ"]

1. e4 e5 2. Nf3 Nc6 3. Bc4 Nf6 4. d4 exd4 5. e5 d5 6. Bb5 Ne4 7. Nxd4 Bd7 8. Bxc6 bxc6 9. 0-0 Bc5 10. Be3 Qe7 11. f4 0-0 12. Nd2 Nxd2 13. Qxd2 f6 14. Nb3 Bb6 15. Qc3 Rae8 16. Bc5 fxe5 17. fxe5 Bf5 18. Rae1 Be4 19. g3 h6 20. Rxf8+ Rxf8 21. Bxb6 axb6 22. Nd2 Rf5 23. Nxe4 Rxe5 24. Nf6+ gxf6 25. Rxe5 Qxe5 26. Qxc6 Qe1+ 1/2-1/2

[Event "Asia rap (Men) 16th"]
[Site "Guangzhou"]
[Date "2010.11.16"]
[Round "9"]
[White "Mohammad, Samir"]
[Black "Shukuraliev, Algis"]
[Result "1-0"]
[WhiteElo "2361"]
[BlackElo "2376"]
[PlyCount "159"]
[EventDate "2010.11.13"]
[EventType "swiss (rapid)"]
[EventRounds "9"]
[EventCountry "CHN"]
[SourceTitle "EXT 2011"]
[Source "ChessBase"]
[SourceDate "2010.11.26"]
[SourceVersion "1"]
[SourceVersionDate "2010.11.26"]
[SourceQuality "1"]

1. d4 Nf6 2. c4 g6 3. Nc3 Bg7 4. e4 d6 5. f3 0-0 6. Bg5 c5 7. d5 e6 8. Qd2 exd5 9. cxd5 a6 10. a4 Nbd7 11. Nh3 h6 12. Be3 Kh7 13. Nf2 Ng8 14. Be2 Rb8 15. 0-0 f5 16. exf5 gxf5 17. f4 Ndf6 18. Bd3 Kh8 19. Qc2 Ne7 20. Bc4 b5 21. axb5 axb5 22. Nxb5 Nfxd5 23. Bd2 Nb6 24. Be2 Be6 25. Bc3 Nbd5 26. Bxg7+ Kxg7 27. Qd2 Rb6 28. Nd1 Nf6 29. Ra7 Rf7 30. Ndc3 d5 31. b4 cxb4 32. Na4 Nc6 33. Rxf7+ Kxf7 34. Nxb6 Qxb6+ 35. Kh1 Ne4 36. Qe1 Ne7 37. Bd3 Qc5 38. Qe2 Ng6 39. g3 Bd7 40. Kg2 Ne7 41. Rd1 Ng8 42. Bxe4 fxe4 43. Qh5+ Kg7 44. Qxd5 Qxd5 45. Rxd5 Nf6 46. Rc5 b3 47. Nc3 Kf7 48. Rc7 Kg6 49. Rb7 Be6 50. Rb6 Kf5 51. Ne2 Bd5 52. Nd4+ Kg6 53. Kf2 Kf7 54. h3 Bc4 55. Nxb3 e3+ 56. Ke1 Nd5 57. Rb7+ Kf6 58. Nd4 h5 59. Rh7 Kg6 60. Rh8 Nf6 61. Rc8 Ba6 62. Rc6 Bb7 63. Re6 Bc8 64. f5+ Kf7 65. Rxe3 Nd5 66. Re5 Nf6 67. Kf2 Bb7 68. Nb5 Bc6 69. Nd4 Bb7 70. Nb5 Bc6 71. Nd6+ Kg7 72. Re7+ Kg8 73. Re6 Kg7 74. Ke3 Bg2 75. h4 Nd5+ 76. Kd4 Bf3 77. Ke5 Nb4 78. f6+ Kh7 79. Re7+ Kg8 80. Re8+ 1-0

[Event "Asia rap (Men) 16th"]
[Site "Guangzhou"]
[Date "2010.11.15"]
[Round "7"]
[White "Basil, Alshouha"]
[Black "Shukuraliev, Algis"]
[Result "0-1"]
[WhiteElo "2106"]
[BlackElo "2376"]
[PlyCount "86"]
[EventDate "2010.11.13"]
[EventType "swiss (rapid)"]
[EventRounds "9"]
[EventCountry "CHN"]
[SourceTitle "EXT 2011"]
[Source "ChessBase"]
[SourceDate "2010.11.26"]
[SourceVersion "1"]
[SourceVersionDate "2010.11.26"]
[SourceQuality "1"]

1. e4 e5 2. Bc4 Nc6 3. Nf3 Bc5 4. 0-0 d6 5. c3 Nf6 6. Qe2 0-0 7. Rd1 Bg4 8. h3 Bh5 9. d3 h6 10. Nbd2 Re8 11. Nf1 d5 12. Bb3 a5 13. a4 Bg6 14. Ng3 Bb6 15. Bd2 Bh7 16. Re1 Qd6 17. Nh4 Ne7 18. Rad1 g5 19. Nf3 Ng6 20. Nf5 Qf8 21. g3 c6 22. Nxg5 hxg5 23. Bxg5 Re6 24. Qf3 Bd8 25. Bh6 Qc5 26. h4 Qb6 27. Ba2 Qxb2 28. Ra1 Qxc3 29. h5 dxe4 30. Qd1 Nf4 31. gxf4 Bxf5 32. dxe4 Bg4 33. Qb1 Qh3 34. Bxe6 Bxe6 35. Re3 Qxh5 36. Rg3+ Ng4 37. Rg2 b6 38. f5 Bc4 39. Qd1 Qxh6 40. Qxg4+ Kf8 41. Rd1 Bg5 42. Ra1 Bd8 43. Rd1 Bg5 0-1

[Event "Asia rap (Men) 16th"]
[Site "Guangzhou"]
[Date "2010.11.13"]
[Round "2"]
[White "Shukuraliev, Algis"]
[Black "Nepali, Badrilal"]
[Result "1/2-1/2"]
[WhiteElo "2376"]
[BlackElo "2102"]
[PlyCount "164"]
[EventDate "2010.11.13"]
[EventType "swiss (rapid)"]
[EventRounds "9"]
[EventCountry "CHN"]
[SourceTitle "EXT 2011"]
[Source "ChessBase"]
[SourceDate "2010.11.26"]
[SourceVersion "1"]
[SourceVersionDate "2010.11.26"]
[SourceQuality "1"]

1. e4 c5 2. Nf3 d6 3. d4 cxd4 4. Nxd4 Nf6 5. Nc3 a6 6. Bd3 Nc6 7. Nb3 e6 8. 0-0 Be7 9. f4 Qc7 10. Qf3 0-0 11. Bd2 Rb8 12. Rae1 Nd7 13. Qh3 Nb4 14. Be2 b5 15. Kh1 Nc6 16. f5 Nde5 17. fxe6 fxe6 18. Rxf8+ Bxf8 19. Qg3 Bb7 20. a3 Rc8 21. Qh3 Re8 22. Nd1 Nd8 23. Nc3 Ndf7 24. Nd4 Bc8 25. Qg3 Nc4 26. Bc1 Bb7 27. Qh3 Bc8 28. Bg4 Qe7 29. Rf1 Nce5 30. Bd1 Nd8 31. Qg3 Ndc6 32. Nde2 Bb7 33. Nf4 Nb8 34. Nd3 Nxd3 35. cxd3 Qc7 36. Bb3 Nd7 37. d4 Nb6 38. Qf2 Nc4 39. Bd1 g6 40. Bf4 Bg7 41. b3 e5 42. dxe5 Nxe5 43. Bxe5 Bxe5 44. Nd5 Bxd5 45. exd5 Qe7 46. Bf3 Rf8 47. Rc1 Qf6 48. Rf1 Qf4 49. g3 Qd4 50. Qxd4 Bxd4 51. Kg2 Rc8 52. Bg4 Rc2+ 53. Kh3 Kg7 54. Rd1 Be5 55. a4 Rc3 56. axb5 axb5 57. b4 Rc4 58. Rb1 Bc3 59. Rb3 Bxb4 60. Be2 Rd4 61. Bxb5 Bc5 62. Bc6 Rb4 63. Rf3 Rb2 64. Rf1 h5 65. Be8 Rf2 66. Re1 Rf5 67. Re7+ Kf8 68. Re6 Rxd5 69. Bxg6 Kg7 70. Bb1 Rd2 71. Be4 d5 72. Bf3 Bg1 73. Bxh5 Rxh2+ 74. Kg4 d4 75. Rg6+ Kf8 76. Rd6 Ke7 77. Rd5 Be3 78. Bg6 Rh6 79. Kf5 Rh8 80. Re5+ Kd6 81. Ke4 Rg8 82. Rd5+ Kc6 1/2-1/2

[Event "Olympiad-39"]
[Site "Khanty-Mansiysk"]
[Date "2010.09.30"]
[Round "9.3"]
[White "Shukuraliev, Algis"]
[Black "Stanojoski, Zvonko"]
[Result "1-0"]
[WhiteElo "2332"]
[BlackElo "2485"]
[PlyCount "53"]
[EventDate "2010.09.21"]
[EventType "team-swiss"]
[EventRounds "11"]
[EventCountry "RUS"]
[SourceTitle "CBM 139"]
[Source "ChessBase"]
[SourceDate "2010.11.18"]
[SourceVersion "1"]
[SourceVersionDate "2010.11.18"]
[SourceQuality "1"]
[WhiteTeam "Kyrgyzstan"]
[BlackTeam "Macedonia"]
[WhiteTeamCountry "KGZ"]
[BlackTeamCountry "MKD"]

1. Nf3 d5 2. d4 c6 3. c4 dxc4 4. a4 Nf6 5. Nc3 e6 6. e4 Bb4 7. Qc2 b5 8. Bd2 Bb7 9. e5 Nd5 10. Ne4 Be7 11. b3 cxb3 12. Qxb3 a6 13. Bd3 f5 14. exf6 gxf6 15. 0-0 Nd7 16. Rfe1 Nf8 17. Nc5 Bxc5 18. dxc5 Qd7 19. Nd4 Nc7 20. Nf5 0-0-0 21. Nd6+ Kb8 22. Ba5 Ng6 23. axb5 cxb5 24. Nxb7 Qxd3 25. Bxc7+ Kxc7 26. Qxe6 Ne5 27. Nxd8 1-0

[Event "Olympiad-39"]
[Site "Khanty-Mansiysk"]
[Date "2010.09.29"]
[Round "8.3"]
[White "Shukuraliev, Algis"]
[Black "Mekhitarian, Krikor Sevag"]
[Result "1-0"]
[WhiteElo "2332"]
[BlackElo "2550"]
[PlyCount "104"]
[EventDate "2010.09.21"]
[EventType "team-swiss"]
[EventRounds "11"]
[EventCountry "RUS"]
[SourceTitle "CBM 139"]
[Source "ChessBase"]
[SourceDate "2010.11.18"]
[SourceVersion "1"]
[SourceVersionDate "2010.11.18"]
[SourceQuality "1"]
[WhiteTeam "Kyrgyzstan"]
[BlackTeam "Brazil"]
[WhiteTeamCountry "KGZ"]
[BlackTeamCountry "BRA"]

1. e4 c5 2. Nf3 Nc6 3. d4 cxd4 4. Nxd4 e6 5. Nc3 Qc7 6. Be2 Nf6 7. 0-0 a6 8. Kh1 Be7 9. f4 d6 10. Be3 0-0 11. a3 Nxd4 12. Bxd4 e5 13. Be3 exf4 14. Rxf4 Be6 15. Bd3 Nd7 16. Nd5 Bxd5 17. exd5 Ne5 18. Bd4 g6 19. Rf1 Rac8 20. c3 f5 21. Rc1 Bf6 22. Be2 Qg7 23. Bg1 Bg5 24. Rc2 Qh6 25. Qd4 Nd7 26. b4 Rfe8 27. Qa7 Nf6 28. Bf3 Re7 29. c4 Be3 30. c5 Bxg1 31. Rxg1 Qe3 32. Qb6 Rce8 33. Qxd6 Qd4 34. Rcc1 Rd7 35. Qg3 Nxd5 36. Rcd1 Qc4 37. Rge1 Rxe1+ 38. Rxe1 Nf4 39. h3 Qc3 40. Kh2 Qc4 41. Qh4 a5 42. b5 Rf7 43. Rd1 Kg7 44. Rd2 h6 45. Bd5 Qxd5 46. Rxd5 Nxd5 47. Qd4+ Nf6 48. Qe5 Kf8 49. a4 h5 50. c6 bxc6 51. b6 Ne8 52. Qh8+ Ke7 1-0

[Event "Olympiad-39"]
[Site "Khanty-Mansiysk"]
[Date "2010.09.27"]
[Round "6.4"]
[White "Fitzsimons, David"]
[Black "Shukuraliev, Algis"]
[Result "0-1"]
[WhiteElo "2229"]
[BlackElo "2332"]
[PlyCount "68"]
[EventDate "2010.09.21"]
[EventType "team-swiss"]
[EventRounds "11"]
[EventCountry "RUS"]
[SourceTitle "CBM 139"]
[Source "ChessBase"]
[SourceDate "2010.11.18"]
[SourceVersion "1"]
[SourceVersionDate "2010.11.18"]
[SourceQuality "1"]
[WhiteTeam "Ireland"]
[BlackTeam "Kyrgyzstan"]
[WhiteTeamCountry "IRL"]
[BlackTeamCountry "KGZ"]

1. e4 e5 2. Nf3 Nc6 3. d4 exd4 4. Nxd4 Bc5 5. Nxc6 Qf6 6. Qf3 bxc6 7. Be2 Qxf3 8. Bxf3 Ne7 9. 0-0 Rb8 10. Rd1 0-0 11. Nc3 Ng6 12. Na4 Be7 13. Be3 d6 14. b3 c5 15. Rd2 Bb7 16. g3 Bf6 17. Rb1 Rfe8 18. c4 Bxe4 19. Bxe4 Rxe4 20. Kg2 Rxc4 21. Rbd1 Re4 22. Nb2 Bxb2 23. Rxb2 a5 24. Rbd2 a4 25. bxa4 Rxa4 26. h4 f6 27. f4 Ne7 28. Re1 Kf7 29. g4 Rba8 30. Ree2 Nc6 31. Rb2 Nb4 32. Kf3 Rxa2 33. Ke4 Re8+ 34. Kf3 Ra3 0-1

[Event "Olympiad-39"]
[Site "Khanty-Mansiysk"]
[Date "2010.09.24"]
[Round "4.4"]
[White "Shukuraliev, Algis"]
[Black "Atabayev, Yusup"]
[Result "1-0"]
[WhiteElo "2332"]
[BlackElo "2313"]
[PlyCount "65"]
[EventDate "2010.09.21"]
[EventType "team-swiss"]
[EventRounds "11"]
[EventCountry "RUS"]
[SourceTitle "CBM 139"]
[Source "ChessBase"]
[SourceDate "2010.11.18"]
[SourceVersion "1"]
[SourceVersionDate "2010.11.18"]
[SourceQuality "1"]
[WhiteTeam "Kyrgyzstan"]
[BlackTeam "Turkmenistan"]
[WhiteTeamCountry "KGZ"]
[BlackTeamCountry "TKM"]

1. d4 Nf6 2. c4 e6 3. Nf3 Bb4+ 4. Bd2 Qe7 5. e3 Bxd2+ 6. Qxd2 d6 7. Nc3 e5 8. d5 0-0 9. Be2 a5 10. 0-0 Na6 11. Qc2 Nc5 12. b3 g6 13. Nd2 Ne8 14. a3 f5 15. b4 axb4 16. axb4 Rxa1 17. Rxa1 Na6 18. Qb3 Kh8 19. Na4 Bd7 20. b5 Nc5 21. Nxc5 dxc5 22. b6 Qd6 23. bxc7 Qxc7 24. Qb2 Rf6 25. f4 e4 26. Qe5 Kg8 27. Ra8 Qb6 28. g4 Kf8 29. gxf5 Rxf5 30. Qh8+ Ke7 31. Bg4 Qf6 32. Qxh7+ Qf7 33. Qxf7+ 1-0

[Event "Olympiad-39"]
[Site "Khanty-Mansiysk"]
[Date "2010.09.21"]
[Round "1.4"]
[White "Shukuraliev, Algis"]
[Black "Li, Chao B"]
[Result "1/2-1/2"]
[WhiteElo "2332"]
[BlackElo "2633"]
[PlyCount "100"]
[EventDate "2010.09.21"]
[EventType "team-swiss"]
[EventRounds "11"]
[EventCountry "RUS"]
[SourceTitle "CBM 139"]
[Source "ChessBase"]
[SourceDate "2010.11.18"]
[SourceVersion "1"]
[SourceVersionDate "2010.11.18"]
[SourceQuality "1"]
[WhiteTeam "Kyrgyzstan"]
[BlackTeam "China"]
[WhiteTeamCountry "KGZ"]
[BlackTeamCountry "CHN"]

1. e4 c5 2. Nf3 d6 3. d4 cxd4 4. Nxd4 Nf6 5. f3 Nc6 6. c4 Qb6 7. Nc2 g6 8. Nc3 Bg7 9. Rb1 0-0 10. Be3 Qa5 11. Be2 Be6 12. b4 Qd8 13. Nd5 Rc8 14. Nd4 Nxd4 15. Bxd4 Bxd5 16. exd5 Nd7 17. Be3 b5 18. cxb5 Rc3 19. Rb3 Rxe3 20. Rxe3 Qb6 21. Rb3 Rc8 22. Qd2 Bd4 23. a4 Bg1 24. Kd1 Bd4 25. Ke1 Bg1 26. Kd1 Bd4 27. a5 Qc7 28. b6 axb6 29. Ba6 Ra8 30. Bb5 Bg7 31. Qc2 Qd8 32. Bxd7 Qxd7 33. Qc6 Qa7 34. Qxb6 Qd7 35. Qc6 Qd8 36. a6 Rc8 37. Qb7 Rc7 38. Ra3 Bb2 39. Ra2 Rxb7 40. axb7 Qc7 41. Ra8+ Kg7 42. b8Q Qc1+ 43. Ke2 Qc2+ 44. Ke3 Qc3+ 45. Ke2 Qc4+ 46. Kf2 Qc2+ 47. Ke3 Qc3+ 48. Ke2 Qc4+ 49. Kf2 Qd4+ 50. Ke2 Qc4+ 1/2-1/2

[Event "KGZ-ch"]
[Site "Bishkek"]
[Date "2009.??.??"]
[Round "5"]
[White "Markov, Mikhail2222"]
[Black "Shukuraliev, Algis"]
[Result "0-1"]
[WhiteElo "2119"]
[BlackElo "2322"]
[PlyCount "64"]
[EventDate "2009.05.13"]
[EventType "swiss"]
[EventRounds "11"]
[EventCountry "KGZ"]
[SourceTitle "EXT 2014"]
[Source "ChessBase"]
[SourceDate "2013.11.20"]
[SourceVersion "1"]
[SourceVersionDate "2013.11.20"]
[SourceQuality "1"]

1. Nf3 d5 2. c4 e6 3. g3 Nd7 4. Bg2 Ngf6 5. b3 c5 6. cxd5 exd5 7. d4 Qa5+ 8. Bd2 Qb6 9. Nc3 Bd6 10. 0-0 0-0 11. dxc5 Nxc5 12. Bg5 Nce4 13. Nxd5 Nxd5 14. Qxd5 Nxg5 15. Nxg5 h6 16. Ne4 Ba3 17. Nc3 Rd8 18. Qf3 Be6 19. Rad1 Qc5 20. Na4 Qc2 21. Qxb7 Qxe2 22. Nc3 Qe5 23. Nd5 Rac8 24. Qxa7 Bc5 25. Qb7 Qe2 26. Nf4 Bxf2+ 27. Kh1 Qxd1 28. Rxd1 Rxd1+ 29. Bf1 Rxf1+ 30. Kg2 Rcc1 31. Nd3 Rfd1 32. Nxf2 Bd5+ 0-1

[Event "Olympiad-37"]
[Site "Turin"]
[Date "2006.06.04"]
[Round "13"]
[White "Shukuraliev, Algis"]
[Black "Adianto, Utut"]
[Result "0-1"]
[WhiteElo "2267"]
[BlackElo "2589"]
[PlyCount "112"]
[EventDate "2006.05.21"]
[EventType "team-swiss"]
[EventRounds "13"]
[EventCountry "ITA"]
[SourceTitle "CBM 113"]
[Source "ChessBase"]
[SourceDate "2006.07.31"]
[SourceVersion "1"]
[SourceVersionDate "2006.07.31"]
[SourceQuality "1"]
[WhiteTeam "Kyrgyzstan"]
[BlackTeam "Indonesia"]
[WhiteTeamCountry "KGZ"]
[BlackTeamCountry "INA"]

1. e4 g6 2. d4 Bg7 3. Nf3 d6 4. c4 Bg4 5. Be2 Nc6 6. Nbd2 e5 7. d5 Nce7 8. Nf1 Nf6 9. Ng3 0-0 10. 0-0 a5 11. Ne1 Bd7 12. Nd3 h5 13. f3 h4 14. Nh1 c6 15. Bg5 cxd5 16. cxd5 h3 17. g4 Nh7 18. Be3 f5 19. Nhf2 Nf6 20. Kh1 fxe4 21. fxe4 Nfxd5 22. exd5 Nxd5 23. Qd2 Bc6 24. Kg1 Nxe3 25. Qxe3 d5 26. Nxh3 d4 27. Rxf8+ Qxf8 28. Qg5 Qd6 29. Ndf4 d3 30. Qxg6 Qd4+ 31. Nf2 exf4 32. Bxd3 Re8 33. Rc1 Kf8 34. Qf5+ Qf6 35. Qxa5 Re5 36. Qb4+ Kg8 37. Be4 f3 38. Bxc6 bxc6 39. Re1 Qf4 40. Qb3+ Kh8 41. Rd1 Re8 42. Qd3 Bd4 43. Qg6 Bxf2+ 44. Kf1 Qc4+ 45. Qd3 Qxd3+ 46. Rxd3 Be3 47. b4 Kg7 48. h4 Kf6 49. a4 Re4 50. Rd8 Rxg4 51. Rf8+ Ke5 52. Rxf3 Ke4 53. Rf6 Kd3 54. Ke1 Rxh4 55. Kf1 Rg4 56. Ke1 Rg1+ 0-1

[Event "Olympiad-37"]
[Site "Turin"]
[Date "2006.05.25"]
[Round "5"]
[White "Davila, Carlos"]
[Black "Shukuraliev, Algis"]
[Result "1-0"]
[WhiteElo "2374"]
[BlackElo "2267"]
[PlyCount "77"]
[EventDate "2006.05.21"]
[EventType "team-swiss"]
[EventRounds "13"]
[EventCountry "ITA"]
[SourceTitle "CBM 113"]
[Source "ChessBase"]
[SourceDate "2006.07.31"]
[SourceVersion "1"]
[SourceVersionDate "2006.07.31"]
[SourceQuality "1"]
[WhiteTeam "Nicaragua"]
[BlackTeam "Kyrgyzstan"]
[WhiteTeamCountry "NCA"]
[BlackTeamCountry "KGZ"]

1. e4 e5 2. Nf3 Nc6 3. Bb5 a6 4. Ba4 Nf6 5. 0-0 b5 6. Bb3 Bc5 7. d3 0-0 8. Nc3 d6 9. a4 Bg4 10. Be3 Nd4 11. Bxd4 Bxd4 12. axb5 Bxc3 13. bxc3 axb5 14. Qe2 Qd7 15. h3 Bxf3 16. Qxf3 Qc6 17. Rxa8 Rxa8 18. g4 Rf8 19. c4 b4 20. c5 Qxc5 21. g5 Ne8 22. Ra1 Qc6 23. Ra4 Qb7 24. h4 Kh8 25. h5 f5 26. Kg2 f4 27. Qg4 f3+ 28. Kg3 h6 29. gxh6 gxh6 30. Qg6 Nf6 31. Qxh6+ Nh7 32. Qg6 Qc8 33. h6 Qd7 34. Rxb4 Nf6 35. Rb7 Ne8 36. Rb8 Qe7 37. Rxe8 Rxe8 38. Bf7 Qf8 39. Qg7+ 1-0